<?xml version="1.0" encoding="UTF-8"?>
<marc:record xmlns:marc="http://www.loc.gov/MARC21/slim">
   <marc:leader>00000nam a2200000 a 4500</marc:leader>
   <marc:datafield ind1="1" ind2=" " tag="100">
      <marc:subfield code="a">Winkel, Dr. Herwig</marc:subfield>
      <marc:subfield code="4">aut</marc:subfield>
      <marc:subfield code="e">Verfasser/-in</marc:subfield>
   </marc:datafield>
   <marc:datafield ind1="0" ind2="0" tag="245">
      <marc:subfield code="a">Erziehung kann durchaus Spaß machen</marc:subfield>
   </marc:datafield>
   <marc:datafield ind1="0" ind2="0" tag="245">
      <marc:subfield code="b">Ein pädagogisch völlig unkorrekter Ratgeber</marc:subfield>
   </marc:datafield>
   <marc:datafield ind1=" " ind2="1" tag="264">
      <marc:subfield code="b">Buchschmiede</marc:subfield>
      <marc:subfield code="c">2024</marc:subfield>
   </marc:datafield>
   <marc:datafield ind1="1" ind2=" " tag="520">
      <marc:subfield code="a">Mit viel Humor und spielerischer Leichtigkeit die schwierigsten Erziehungssituationen souverän meistern. Das geht!Dieses Buch ermutigt und stärkt Erziehende in ihrem herausfordernden Erziehungsalltag. Es bietet ganz konkrete - oft überraschende - Lösungsvorschläge für Eltern und Pädagog:innen.Inspirierende Zitate, kurzweilige theoretische Hintergrundinformationen sowie erbauliche Weisheitsgeschichten vermindern den Erziehungsfrust und erhöhen schön die Leselust.Die 44 beigefügten Spielvorschläge - meist ohne Vorbereitungs- und Materialanforderungen - versetzen den/die Leser:in in die Lage, lustvoll pädagogische Impulse zu setzen und von der Rolle des "Leidens" in jene des "Leitens" zu kommen.Ergo: Erziehen kann durchaus Spaß machen.</marc:subfield>
   </marc:datafield>
   <marc:datafield ind1=" " ind2=" " tag="020">
      <marc:subfield code="a">9783991653363</marc:subfield>
      <marc:subfield code="9">9783991653363</marc:subfield>
   </marc:datafield>
</marc:record>
